Statistics for Countries that Only Border 1 Country

Click here to take the quiz!

General Stats

  • This quiz has been taken 42 times
  • The average score is 15 of 17

Answer Stats

NeighborAnswer% Correct
United StatesCanada
98%
HaitiDominican Republic
95%
Dominican RepublicHaiti
95%
United KingdomIreland
95%
South AfricaLesotho
95%
SpainPortugal
95%
IrelandUnited Kingdom
90%
GermanyDenmark
88%
FranceMonaco
88%
North KoreaSouth Korea
88%
IndonesiaEast Timor
85%
Saudi ArabiaQatar
85%
ItalyVatican City
85%
MalaysiaBrunei
83%
ItalySan Marino
83%
SenegalThe Gambia
83%
IndonesiaPapua New Guinea
76%

Score Distribution

Percentile by Number Answered

Percent of People with Each Score

Your Score History

You have not taken this quiz